Loading...
Literature - World Literature | 4 | 4 | 0 | 2 | 100 | 53 | 81.75 | 1 | 7 |
Beliefs | 4 | 1 | 0 | 0 | 70 | 19 | 51.00 | 3 | 5 |
Literature - American Literature | 2 | 3 | 0 | 1 | 60 | 45 | 88.00 | 0 | 4 |
Fine Arts - Other Arts | 0 | 4 | 0 | 0 | 40 | 77 | 97.25 | 2 | 4 |
Other Academic | 1 | 0 | 0 | 0 | 15 | 80 | 80.00 | 0 | 0 |
Philosophy | 0 | 2 | 1 | 0 | 15 | 75 | 86.00 | 0 | 2 |
History - World History | 1 | 0 | 0 | 0 | 15 | 28 | 28.00 | 0 | 1 |
Auditory Arts | 0 | 1 | 0 | 1 | 10 | 120 | 120.00 | 0 | 0 |
Geography | 0 | 1 | 0 | 0 | 10 | 79 | 79.00 | 0 | 1 |
History - Ancient History | 0 | 1 | 0 | 1 | 10 | 126 | 126.00 | 0 | 0 |
History - European History | 0 | 1 | 0 | 1 | 10 | 95 | 95.00 | 0 | 0 |
Literature - British Literature | 1 | 0 | 1 | 0 | 10 | 76 | 76.00 | 1 | 1 |
Literature - European Literature | 0 | 1 | 0 | 0 | 10 | 94 | 94.00 | 1 | 1 |
Visual Arts | 0 | 0 | 1 | 0 | -5 | 0.00 | 0 | 0 |